| 000 | 00551nam a2200241 a 4500 | ||
|---|---|---|---|
| 001 | nice12345678 | ||
| 003 | IN_TiNIC | ||
| 005 | 20260116011806.0 | ||
| 008 | 050524s1971 lona grp 000 0 eng | ||
| 020 |
_a _c6 |
||
| 082 | 0 | 0 |
_a234 _bSMI2 |
| 100 | _aSmith, Oswald J | ||
| 245 | _aSalvation of God | ||
| 260 |
_aLondon _bMarshal Brothers _c1971 |
||
| 300 | _a128p | ||
| 500 | _aincludes index and biblioraphy | ||
| 505 | 2 | _aIndex | |
| 650 | _aSalvation | ||
| 700 | 1 | _aSmith, Oswald J | |
| 902 | _bSRS | ||
| 942 | _cBK | ||
| 999 |
_c3996 _d3996 |
||